000 01206nam0a22003011 4500
001 rc\2279783
005 20250623041421.0
035 _a(NLR Aleph) 006559243
090 _a6825498
_c6825498
100 _a20110829d1977 |||y0rusy50 ca
101 0 _arus
102 _aRU
105 _ay z |||||
200 1 _aФутурология и антикоммунизм
_fВ.И. Бовш
_gНауч. ред. засл. деят. науки РСФСР, д-р филос. наук, проф. Ф.Т. Константинов
_gАН БССР, Ин-т философии и права
210 _aМинск
_cНаука и техника
_d1977
215 _a270 с.
_d20
225 1 _aИдеологическая борьба в современном мире
606 _aСоциальное прогнозирование
_xБуржуазные теории
_2psbo
686 _aС555.373.11
_2rubbk
700 1 _aБовш
_bВ.И.
_gВиктор Иванович
702 1 _aКонстантинов
_bФ.Т.
_4340
801 0 _aRU
_bNLR
_gpsbo
801 1 _aRU
_bELAR
_2rusmarc
852 _aNLR
_j77-3/10744
899 _aRuMoRGB
_jБ 77-5/484
899 _aRuMoRGB
_jБ 77-5/485
942 _cBOOK
980 _aNB